|
|
|
|
| LEADER |
00000nab#a22000007a#4500 |
| 001 |
arbauad027541 |
| 003 |
AR-BaUAD |
| 005 |
20250711112245.0 |
| 008 |
970708|||||||||###||||||b###|0###a|spa|| |
| 040 |
|
|
|a AR-BaUAD
|c AR-BaUAD
|b spa
|
| 100 |
|
|
|a Canogar, Susana
|
| 245 |
|
|
|a Figuras del paisaje :
|b Siete visiones contemporáneas del espacio abierto /
|c Susana Canogar;
|
| 300 |
0 |
|
|b axonom., cortes, fot., plantas, vistas
|
| 653 |
|
|
|a DISEÑO DEL PAISAJE
|
| 653 |
|
|
|a WALKER, PETER
|
| 653 |
|
|
|a SCHWARTZ, MARTHA
|
| 653 |
|
|
|a HARGREAVES, GEORGE
|
| 653 |
|
|
|a SIMON, JACQUES
|
| 653 |
|
|
|a CORAJOUD, MICHEL
|
| 653 |
|
|
|a CHEMETOFF, ALEXANDRE
|
| 653 |
|
|
|a PAISAJISMO
|
| 653 |
|
|
|a MARTINEZ LAPEÑA-TORRES
|
| 773 |
0 |
|
|t ARQUITECTURA VIVA
|g no. 53 [mar.-abr. 1997], p. 21-31
|
| 942 |
|
|
|c ARTI
|
| 952 |
|
|
|0 0
|1 0
|4 0
|7 0
|9 72460
|a AR-BAuAD
|b AR-BAuAD
|d 2025-07-11
|l 0
|p AAQA027541
|r 2025-07-11 11:22:45
|w 2025-07-11
|y ARTI
|
| 990 |
|
|
|a AQ199
|b TD
|
| 998 |
|
|
|a AAQ
|b BIBUN76
|
| 999 |
|
|
|c 52133
|d 52133
|